7 Deadly Sins in Latin - Statistics

General Stats
  • This quiz has been taken 142 times
  • The average score is 5 of 7
Answer Stats
Hint Answer % Correct
Wrath Ira
84%
Gluttony Gula
76%
Lust Luxuria
67%
Pride Superbia
66%
Envy Invidia
62%
Avarice/Greed Avaritia
58%
Sloth Acedia
46%
No matching quizzes found
Score Distribution
Percent of People with Each Score
Percentile by Number Answered
Your Score History
You have not taken this quiz